=LDR 00000nam 2200000 4500 =001 INLIS000000000051456 =990 ##$$a 21704078X =005 20170922022357 =990 ##$$a 21704080 =035 ##$$a 0010-0917000260 =990 ##$$a 21704079 =007 ta =990 ##$$a 21704077 =008 170922###########################0###### =990 ##$$a 21704076 =020 ##$$a 978-602-1129-29-6 =990 ##$$a 01201713232 =082 ##$$a 939 =084 ##$$a 939 CHA s =100 #$$a Charles Seignobos =245 1#$$a Sejarah Peradaban Dunia Kuno /$c Charles Seignobos =260 ##$$a Yogyakarta :$b Indoliterasi,$c 2014 =300 ##$$a ix, 352 hlm : $b ilus. ; $c 23 cm =500 ##$$a Judul Asli : History Of Ancient Civilization =650 ##$$a Sejarah Dunia Kuno =700 #$$a Penerjemah : Ahmad Asnawi =990 ##$$a 1142011420 =990 ##$$a 1142011420 =990 ##$$a 1142011420 =990 ##$$a 1142011420 =990 ##$$a 1142011420 =990 ##$$a 21704076 =990 ##$$a 01201711420 =990 ##$$a 01201711421 =990 ##$$a 01201711422 =990 ##$$a 01201711423 =990 ##$$a 21704077 =990 ##$$a 01201711420 =990 ##$$a 01201711421 =990 ##$$a 01201711422 =990 ##$$a 21704076 =990 ##$$a 21704078 =990 ##$$a 01201711420 =990 ##$$a 01201711421 =990 ##$$a 21704077 =990 ##$$a 21704076 =990 ##$$a 21704079 =990 ##$$a 01201711420 =990 ##$$a 21704078 =990 ##$$a 21704077 =990 ##$$a 21704076 =990 ##$$a 21704080 =990 ##$$a 21704079 =990 ##$$a 21704078 =990 ##$$a 21704077 =990 ##$$a 21704076 =990 ##$$a 1323213232 =990 ##$$a 01201713232 =990 ##$$a 21704080 =990 ##$$a 21704079 =990 ##$$a 21704078 =990 ##$$a 21704077 =990 ##$$a 21704076 =990 ##$$a 15361536 =990 ##$$a 21704079 =990 ##$$a 21704080 =990 ##$$a 21704078X =990 ##$$a 21704077 =990 ##$$a 21704076 =990 ##$$a 01201713232 =990 ##$$a 01201901536